000
00234nam a2200097Ia 4500
008
191206s9999 xx 000 0 und d
020
_a
435913328
090
_a
PR9272G32
245
0
_a
CRITICAL PERSPECTIVE ON V.S NAIPAUL
260
_c
c1979
999
_c
15756
_d
15756